000
00200nam a2200097Ia 4500
008
240331s9999 xx 000 0 und d
082
_b
KRI
100
_a
Krithiga
245
0
_a
Pudhia konangi
942
_c
L
999
_c
5081
_d
5081